000 00576nam a2200193 4500
003 OSt
005 20240619062533.0
006 a
008 240619b |||||||| |||| 00| 0 eng d
020 _a9710870459
040 _aDWCL-Main lib.
_cOC
082 _aFil. 006.74 P422i 2011
100 _aPepito, Copernicus P.
245 _aIntroduction to HTML 5 : series1-simpleweb design /
260 _aMandaluyong City :
_bNational Book Store,
_cc2011.
300 _aix,
_b224 p. : ill. ;
_c28 cm.
650 _a1. HTML( Document markup language).
942 _2ddc
_n0
_cBK - FIL
_kFil.
999 _c893
_d893